000
00198nam a22000977a 4500
999
_c
16266
_d
16266
003
OSt
008
200629b ||||| |||| 00| 0 eng d
100
_a
Dighe
_9
4660
245
_a
Hydraulics
942
_c
BK